| 000 | 00991cam a22002535a 4500 | ||
|---|---|---|---|
| 001 | L158053 | ||
| 008 | 140226s2011 xxk f 000 0 eng d | ||
| 020 | _a9780876292617 | ||
| 035 | _a(Sirsi) u158053 | ||
| 041 | 0 | _aeng | |
| 050 | 0 | 4 | _a696.9 GRE |
| 110 | 2 |
_aRSMeans _95664 |
|
| 245 | 0 | 0 |
_aGreen Building _bProject Planning & Cost Estimating |
| 250 | _a3rd ed | ||
| 260 |
_aNew Jersey _bJohn Wiley _c2011 |
||
| 300 | _axxii, 456p, 27cm | ||
| 520 | _aThird edition of this publication has been updated with the latest in green building technologies, design concepts, standards and costs. Includes information on, green building approaches, materials ratings systems standards and guidelines, implementing energy modelling tools and evaluating the cost versus value of green products over their life cycle. | ||
| 590 | _aKA | ||
| 651 | 4 | _aInternational | |
| 690 |
_aConstruction management _96230 |
||
| 690 |
_aSustainability _96271 |
||
| 690 |
_aEnvironment _96238 |
||
| 942 | _n0 | ||
| 999 |
_c115105 _d115105 |
||